00483nam a2200193Ia 4500008004100000041001200041082001200053100002000065245003300085260004100118300000800159365000800167520001200175546001200187630003300199650001200232655001200244730003300256101110s9999 xx 000 0 und d aMARATHI bSR28603 aKothekar Shanta aItihas tantra aani tatvadyan c2005bShri Sainath Prakashan, Nagpur a337 b200 aHistory aMARATHI aItihas tantra aani tatvadyan aHistory aHistory aItihas tantra aani tatvadyan